[Event "ICS rated standard match"]
[Site "207.99.83.229"]
[Date "1999.06.10"]
[Round "?"]
[White "Pinhead"]
[Black "Hossa"]
[Result "0-1"]
[WhiteElo "2026"]
[BlackElo "2274"]
[PlyCount "81"]

1. e4 c5 2. Nf3 e6 3. d4 cxd4 4. Nxd4 Nf6 5. Nc3 d6 6. Bg5 Be7 7. Ndb5 O-O 8.
Bxf6 Bxf6 9. Qxd6 Bxc3+ 10. bxc3 Nc6 11. Qxd8 Rxd8 12. Rd1 Rxd1+ 13. Kxd1 Rb8
14. f4 e5 15. f5 g6 16. g4 Bd7 17. Bc4 Nd8 18. Nd6 b5 19. Bd5 Rb6 20. Nxf7 Nxf7
21. fxg6 hxg6 22. g5 Be6 23. Bxe6 Rxe6 24. h4 Ra6 25. Rf1 Rxa2 26. Rf6 Kg7 27.
Kd2 Ra4 28. Kd3 Ra3 29. Kd2 Ra1 30. c4 bxc4 31. Kc3 Re1 32. Kxc4 Rxe4+ 33. Kd5
Rxh4 34. Ke6 Nxg5+ 35. Ke7 Rc4 36. Ra6 Rxc2 37. Rxa7 Re2 38. Kd6+ Kf6 39. Ra8
Ne4+ 40. Kd5 Kf5 41. Re8 {Pinhead resigns} 0-1

[Event "ICS Rated blitz match"]
[Site "207.99.83.229"]
[Date "1999.06.10"]
[Round "?"]
[White "delta"]
[Black "Hossa"]
[Result "0-1"]
[WhiteElo "2159"]
[BlackElo "2527"]
[PlyCount "74"]

1. d4 Nf6 2. c4 g6 3. Nc3 Bg7 4. e4 d6 5. f3 O-O 6. Bg5 c5 7. d5 a6 8. a4 h6 9.
Be3 e6 10. Qd2 exd5 11. Nxd5 Nxd5 12. cxd5 Bd7 13. g3 h5 14. Bd3 Qb6 15. Rb1
Bxa4 16. b4 Qc7 17. Bh6 Bxh6 18. Qxh6 cxb4 19. e5 Bc2 20. Bxc2 Qxc2 21. Rc1 Qg2
22. e6 Qxh1 23. exf7+ Kxf7 24. Rc7+ Nd7 25. Rxd7+ Ke8 26. Qxg6+ Kxd7 27. Qg7+
Ke8 28. Qg6+ Rf7 29. Qg8+ Ke7 30. Qxa8 Qxg1+ 31. Ke2 Qxh2+ 32. Ke3 Qg1+ 33. Ke2
Qg2+ 34. Ke1 Rxf3 35. Qxb7+ Kf6 36. Qxa6 Re3+ 37. Kd1 37... Qxd5+ {
delta resigns} 0-1

[Event "ICS rated blitz match"]
[Site "207.99.83.229"]
[Date "1999.06.10"]
[Round "?"]
[White "Hossa"]
[Black "Krell"]
[Result "0-1"]
[WhiteElo "2530"]
[BlackElo "2517"]
[PlyCount "93"]

1. e4 c5 2. Nf3 d6 3. d4 cxd4 4. Nxd4 Nf6 5. Nc3 a6 6. f4 e6 7. Bd3 Qc7 8. f5
Nc6 9. Nxc6 bxc6 10. fxe6 Bxe6 11. O-O Ng4 12. Kh1 Qa7 13. Qe2 Be7 14. Rf4 h5
15. h3 Bg5 16. Rf3 Bxc1 17. Rxc1 Ne5 18. Rg3 f6 19. Rf1 h4 20. Re3 O-O 21. Rf4
Rfb8 22. b3 Ng6 23. Rf1 a5 24. Bc4 Re8 25. Rf5 Re7 26. Bxe6+ Rxe6 27. Ref3 Rae8
28. Qd2 Qb6 29. a3 Qa7 30. Rf2 Qb6 31. a4 Qb4 32. R5f3 Re5 33. Rd3 d5 34. exd5
Re1+ 35. Kh2 Qd6+ 36. g3 hxg3+ 37. Rxg3 R1e3 38. Ne2 R8e4 39. c3 Qe5 40. dxc6
Rxe2 41. c7 Ne7 42. Qd8+ Kh7 43. Qd3 Rxf2+ 44. Kg1 Ra2 45. c8=Q Nxc8 46. b4 Kh6
47. Rg4 {Hossa resigns} 0-1

[Event "ICS rated blitz match"]
[Site "207.99.83.229"]
[Date "1999.06.10"]
[Round "?"]
[White "matar"]
[Black "Hossa"]
[Result "0-1"]
[WhiteElo "2263"]
[BlackElo "2513"]
[PlyCount "50"]

1. e4 c5 2. Nf3 d6 3. d4 cxd4 4. Nxd4 Nf6 5. Nc3 a6 6. Be2 e5 7. Nb3 Be7 8. O-O
Be6 9. Kh1 O-O 10. g4 d5 11. exd5 Nxd5 12. Ne4 Nd7 13. a3 Rc8 14. c4 N5b6 15.
Na5 Nxc4 16. Nxc4 Bxc4 17. Bxc4 Rxc4 18. f3 Nc5 19. Nxc5 Rxc5 20. Be3 Rd5 21.
Qb3 Rd3 22. Qb6 Qd5 23. Rac1 Rb3 24. Qc7 Bd6 25. Qc2 25... Rxe3 {matar resigns}
0-1

[Event "ICS rated blitz match"]
[Site "207.99.83.229"]
[Date "1999.06.10"]
[Round "?"]
[White "Hossa"]
[Black "matar"]
[Result "0-1"]
[WhiteElo "2519"]
[BlackElo "2237"]
[PlyCount "69"]

1. e4 c5 2. Nf3 e6 3. d4 cxd4 4. Nxd4 a6 5. Nc3 Qc7 6. Be2 Nf6 7. O-O Nc6 8.
Be3 Bb4 9. Nxc6 dxc6 10. Qd4 Bd6 11. f4 e5 12. Qb6 exf4 13. Qxc7 Bxc7 14. Bd4
Be6 15. Bxf6 gxf6 16. Rad1 Ke7 17. a3 Rad8 18. Rfe1 Be5 19. Bh5 Rxd1 20. Nxd1
Rd8 21. b4 Rd2 22. c3 Ra2 23. a4 Rxa4 24. Be2 Ra1 25. Kf2 a5 26. Bd3 a4 27. b5
a3 28. bxc6 bxc6 29. Rf1 a2 30. g3 fxg3+ 31. hxg3 Rc1 32. Kg2 a1=Q 33. Nf2 Rxf1
34. Bxf1 Qxc3 35. Bd3 {Hossa resigns} 0-1

[Event "ICS rated blitz match"]
[Site "207.99.83.229"]
[Date "1999.06.10"]
[Round "?"]
[White "matar"]
[Black "Hossa"]
[Result "0-1"]
[WhiteElo "2263"]
[BlackElo "2492"]
[PlyCount "52"]

1. e4 c5 2. Nf3 d6 3. d4 cxd4 4. Nxd4 Nf6 5. Nc3 a6 6. Rg1 e5 7. Nb3 Be7 8. g4
O-O 9. g5 Nfd7 10. Be3 Nc5 11. Qh5 Nc6 12. O-O-O Nxb3+ 13. axb3 Qa5 14. Kb1 Be6
15. Nd5 Bxd5 16. exd5 Nb4 17. Bd3 Qa2+ 18. Kc1 Nxd3+ 19. cxd3 Rfc8+ 20. Kd2
Qxb2+ 21. Ke1 Qc3+ 22. Kf1 Qxb3 23. Rg3 g6 24. Qg4 Qxd5 25. h4 Rc2 26. h5 26...
Qh1+ {matar resigns} 0-1

[Event "ICS rated blitz match"]
[Site "207.99.83.229"]
[Date "1999.06.10"]
[Round "?"]
[White "Hossa"]
[Black "matar"]
[Result "1-0"]
[WhiteElo "2499"]
[BlackElo "2287"]
[PlyCount "77"]

1. e4 c5 2. Nf3 e6 3. d4 cxd4 4. Nxd4 a6 5. Nc3 Qc7 6. Bd3 Nf6 7. Bg5 Nc6 8.
Bxf6 gxf6 9. Nxc6 Qxc6 10. Qg4 b5 11. O-O-O b4 12. Ne2 Bb7 13. Rhe1 Rc8 14. Qh4
Be7 15. Qh6 Qc5 16. f3 Qg5+ 17. Qxg5 fxg5 18. Nd4 h5 19. Nb3 g4 20. Na5 Bc6 21.
Bxa6 Ra8 22. Nxc6 Rxa6 23. Nxe7 Kxe7 24. Rd4 Rxa2 25. Rxb4 gxf3 26. gxf3 Rg8
27. Kd2 Rg2+ 28. Re2 Rg1 29. Kc3 h4 30. Rd2 h3 31. Rb7 Rg2 32. Rdxd7+ Kf6 33.
Rxf7+ Ke5 34. Rb5+ Kd6 35. Rb6+ Ke5 36. Kd3 Rf2 37. f4+ Rxf4 38. Rb5+ Kd6 39.
Rxf4 {matar resigns} 1-0

[Event "ICS rated blitz match"]
[Site "207.99.83.229"]
[Date "1999.06.10"]
[Round "?"]
[White "matar"]
[Black "Hossa"]
[Result "1-0"]
[WhiteElo "2278"]
[BlackElo "2506"]
[PlyCount "58"]

1. e4 c5 2. Nf3 d6 3. d4 cxd4 4. Nxd4 Nf6 5. Nc3 a6 6. Rg1 e5 7. Nb3 Be7 8. g4
O-O 9. g5 Nfd7 10. Be3 Nc5 11. Qh5 Nc6 12. O-O-O Nxb3+ 13. axb3 Qa5 14. Bc4 Be6
15. g6 hxg6 16. Rxg6 fxg6 17. Bxe6+ Rf7 18. Qxg6 Nd8 19. Bxf7+ Nxf7 20. Nd5
Qa1+ 21. Kd2 Qa5+ 22. b4 Qd8 23. Rg1 Kf8 24. Qxg7+ Ke8 25. Bb6 Qb8 26. Qg8+ Kd7
27. Qxf7 Qf8 28. Rg7 Qxf7 29. Rxf7 29... Re8 {Hossa resigns} 1-0

[Event "ICS rated blitz match"]
[Site "207.99.83.229"]
[Date "1999.06.10"]
[Round "?"]
[White "Hossa"]
[Black "matar"]
[Result "1-0"]
[WhiteElo "2497"]
[BlackElo "2281"]
[PlyCount "49"]

1. e4 c5 2. Nf3 e6 3. d4 cxd4 4. Nxd4 a6 5. Nc3 Qc7 6. Bd3 Nc6 7. Be3 Nf6 8.
O-O Ne5 9. h3 Bc5 10. Kh1 d6 11. f4 Ng6 12. f5 Ne5 13. fxe6 fxe6 14. Rc1 O-O
15. Qe2 Bd7 16. Rce1 Rac8 17. Nb3 Bxe3 18. Qxe3 Nc4 19. Bxc4 Qxc4 20. Qg5 b5
21. Rf4 b4 22. e5 bxc3 23. Rxc4 Rxc4 24. exf6 Rxf6 25. Qa5 {matar resigns} 1-0

[Event "ICS rated blitz match"]
[Site "207.99.83.229"]
[Date "1999.06.10"]
[Round "?"]
[White "MiddleHead"]
[Black "Hossa"]
[Result "0-1"]
[WhiteElo "2193"]
[BlackElo "2504"]
[PlyCount "34"]

1. e4 c5 2. Nf3 e6 3. d4 cxd4 4. Nxd4 Nf6 5. Nc3 d6 6. Be2 a6 7. g4 Be7 8. g5
Nfd7 9. h4 O-O 10. Be3 Nc6 11. Qd2 Nxd4 12. Bxd4 f6 13. Be3 f5 14. f3 fxe4 15.
fxe4 Qa5 16. O-O-O b5 17. Kb1 17... b4 {MiddleHead resigns} 0-1

[Event "ICS rated standard match"]
[Site "207.99.83.229"]
[Date "1999.06.11"]
[Round "?"]
[White "Hossa"]
[Black "MrBuzzino"]
[Result "1-0"]
[WhiteElo "2280"]
[BlackElo "1981"]
[PlyCount "83"]

1. e4 Nc6 2. Nf3 e5 3. Bb5 a6 4. Bxc6 dxc6 5. Nc3 f6 6. O-O c5 7. d3 Bd6 8. Nh4
Ne7 9. Qh5+ Kf8 10. f4 Qe8 11. Qxe8+ Kxe8 12. fxe5 Bxe5 13. Nf3 Bd4+ 14. Nxd4
cxd4 15. Ne2 c5 16. Bf4 Bg4 17. Ng3 Kd7 18. c3 Nc6 19. Rac1 Ne5 20. Bxe5 fxe5
21. Rf7+ Kc6 22. cxd4 exd4 23. Rxg7 h5 24. Rg6+ Kb5 25. a4+ Kb4 26. Rc4+ Kb3
27. Rb6+ Ka2 28. Rxc5 h4 29. Nf5 Be2 30. Rd5 Bxd3 31. Rxd4 Rhd8 32. Rxd8 Rxd8
33. Nxh4 Bxe4 34. Kf2 Bc6 35. a5 Rd5 36. Nf3 Rxa5 37. Nd4 Bd5 38. g4 Rc5 39. h4
Rc4 40. Ke3 Rc1 41. Ne2 Re1 42. Kf2 {MrBuzzino resigns} 1-0

[Event "ICS rated standard match"]
[Site "207.99.83.229"]
[Date "1999.06.11"]
[Round "?"]
[White "tol4511"]
[Black "Hossa"]
[Result "1-0"]
[WhiteElo "2273"]
[BlackElo "2301"]
[PlyCount "66"]

1. e4 c5 2. Nf3 e6 3. d4 cxd4 4. Nxd4 Nf6 5. Nc3 d6 6. g4 h6 7. h4 Nc6 8. Rg1
h5 9. gxh5 Nxh5 10. Bg5 Nf6 11. Qd2 Qb6 12. Nb3 Bd7 13. Be2 O-O-O 14. h5 Rh7
15. h6 Ne5 16. O-O-O Bc6 17. Nd4 Bd7 18. Ndb5 Bxb5 19. Nxb5 Nxe4 20. Bxd8 Kxd8
21. Qf4 Nxf2 22. hxg7 Rxg7 23. Rxg7 Nxd1 24. Rg8 a6 25. Rxf8+ Ke7 26. Rb8 Nxb2
27. Qg5+ Kd7 28. Qg8 Ke7 29. Qf8+ Kf6 30. Nxd6 Qe3+ 31. Kxb2 Qb6+ 32. Kc1 Qg1+
33. Kd2 33... Qg5+ {Hossa resigns} 1-0

[Event "ICS rated blitz match"]
[Site "207.99.83.229"]
[Date "1999.06.11"]
[Round "?"]
[White "Hossa"]
[Black "SuperChicken"]
[Result "0-1"]
[WhiteElo "2513"]
[BlackElo "2670"]
[PlyCount "94"]

1. e4 c5 2. Nf3 Nc6 3. d4 cxd4 4. Nxd4 Nf6 5. Nc3 Qb6 6. Nb3 Qc7 7. Bd3 Nb4 8.
O-O Nxd3 9. Qxd3 Ng4 10. f4 d6 11. Nd5 Qd7 12. Qc3 Rb8 13. Be3 Nxe3 14. Nxe3 e6
15. Rad1 b6 16. Qd3 Be7 17. Nc4 Bb7 18. Nxd6+ Bxd6 19. Qxd6 Qxd6 20. Rxd6 Bxe4
21. c4 Ke7 22. Rd2 Rhc8 23. Rd4 Bc2 24. Na1 Bf5 25. h4 Rd8 26. Nb3 Bc2 27. Rf3
Bxb3 28. Rxd8 Rxd8 29. axb3 a5 30. Rg3 Kf6 31. Rg5 Rd4 32. Rb5 Rxf4 33. Rxb6
Rxh4 34. Rb5 a4 35. bxa4 Rxc4 36. b4 Rc2 37. Rb6 h5 38. Kh2 g5 39. b5 Ra2 40.
Ra6 g4 41. b6 Rb2 42. Kg3 e5 43. b7+ Kg5 44. Ra5 h4+ 45. Kh2 g3+ 46. Kh3 Rb1
47. Ra6 47... Rh1# {Hossa checkmated} 0-1

[Event "ICS Rated standard match"]
[Site "207.99.83.229"]
[Date "1999.06.11"]
[Round "?"]
[White "Hossa"]
[Black "Mofongo"]
[Result "0-1"]
[WhiteElo "2300"]
[BlackElo "2467"]
[PlyCount "109"]

1. e4 c5 2. Nf3 Nc6 3. d4 cxd4 4. Nxd4 Nf6 5. Nc3 d6 6. Bc4 e6 7. Be3 a6 8.
Nxc6 bxc6 9. O-O d5 10. exd5 cxd5 11. Bd3 Bd6 12. Bd4 Qc7 13. Qe2 Bxh2+ 14. Kh1
Bb7 15. Na4 Bd6 16. Nb6 Rb8 17. Bxa6 Bc6 18. Nc8 Rxc8 19. Bxc8 Qxc8 20. Bxf6
gxf6 21. Rfe1 Qb8 22. c3 h5 23. Rac1 Be5 24. Qa6 Qb7 25. Qxb7 Bxb7 26. Ra1 Ke7
27. Rf1 Ba6 28. Rfc1 Rb8 29. Rc2 f5 30. Rd1 Bb5 31. Re1 Kf6 32. Re3 Bf4 33. Rh3
Rg8 34. Kg1 e5 35. b3 Rb8 36. Rf3 Bg5 37. Rh3 e4 38. c4 dxc4 39. bxc4 Ba4 40.
Re2 Rb4 41. c5 Rb1+ 42. Kh2 h4 43. Ra3 Bb5 44. Rc2 Bd3 45. Rac3 Ke6 46. a4 Bxc2
47. Rxc2 Bf4+ 48. g3 hxg3+ 49. fxg3 Be5 50. a5 Rb3 51. Rg2 Kd5 52. Rc2 Rxg3 53.
Kh1 f4 54. a6 Ra3 55. c6 {Hossa resigns} 0-1

[Event "ICS rated standard match"]
[Site "207.99.83.229"]
[Date "1999.06.11"]
[Round "?"]
[White "Hossa"]
[Black "Pinhead"]
[Result "1-0"]
[WhiteElo "2291"]
[BlackElo "1951"]
[PlyCount "51"]

1. e4 c5 2. Nf3 d6 3. d4 cxd4 4. Nxd4 Nf6 5. Nc3 a6 6. Rg1 Nc6 7. Bg5 e6 8.
Nxc6 bxc6 9. Qd2 h6 10. Be3 Be7 11. Be2 Rb8 12. O-O-O Qa5 13. Bd4 c5 14. Bxf6
gxf6 15. a3 Bd7 16. Rde1 Qb6 17. Nd1 Bc6 18. Bc4 e5 19. f4 f5 20. exf5 exf4 21.
Qxd6 O-O 22. Qg6+ Kh8 23. Qxh6+ Kg8 24. Rxe7 Bb5 25. Qg5+ Kh8 26. f6 {
Pinhead resigns} 1-0

[Event "ICS rated standard match"]
[Site "207.99.83.229"]
[Date "1999.06.11"]
[Round "?"]
[White "Deep-Thawt"]
[Black "Hossa"]
[Result "1/2-1/2"]
[WhiteElo "2425"]
[BlackElo "2295"]
[PlyCount "225"]

1. Nc3 e5 2. Nf3 Nc6 3. d4 exd4 4. Nxd4 Nf6 5. Nxc6 bxc6 6. g3 Bb4 7. Bg2 Bxc3+
8. bxc3 O-O 9. O-O Ba6 10. Re1 d5 11. Bg5 Qd6 12. Qd4 Rfe8 13. Bf4 Qe6 14. e3
Ne4 15. Bxe4 dxe4 16. Bxc7 Qh3 17. a4 Re7 18. Rad1 Rae8 19. Bf4 Qf5 20. Bd6 Rb7
21. Bc5 Rb2 22. Qd7 Qxd7 23. Rxd7 Ra2 24. Rxa7 Rxa4 25. h3 Ra5 26. Be7 h5 27.
Rb1 Ra2 28. Rb4 f5 29. Bd6 Re6 30. Rb8+ Kh7 31. Bf8 Rg6 32. Be7 f4 33. exf4 e3
34. f5 exf2+ 35. Kxf2 Rxc2+ 36. Kf3 Rxc3+ 37. Kf4 Rgxg3 38. Rxa6 Rgf3+ 39. Kg5
Rxh3 40. Raa8 Rcg3+ 41. Kf4 Rg4+ 42. Ke5 Re3+ 43. Kd6 Rd4+ 44. Kxc6 Rc3+ 45.
Bc5 Kh6 46. Ra3 Rxa3 47. Bxd4 Rf3 48. Rh8+ Kg5 49. Bxg7 Kxf5 50. Kd5 Kg4 51.
Bh6 h4 52. Ke4 Rf2 53. Rg8+ Kh3 54. Bg5 Rg2 55. Kf5 Rf2+ 56. Bf4 Rf1 57. Rg6
Rh1 58. Rd6 Ra1 59. Rd4 Ra7 60. Bg5 Ra5+ 61. Kg6 Ra6+ 62. Kh5 Ra8 63. Bxh4 Rh8+
64. Kg5 Rf8 65. Rd3+ Kg2 66. Kg4 Rf7 67. Rd2+ Kf1 68. Kh3 Rf5 69. Bg3 Rf6 70.
Rh2 Rh6+ 71. Bh4 Rh8 72. Rf2+ Kg1 73. Rf5 Re8 74. Rf4 Rg8 75. Bf6 Kh1 76. Be7
Rg2 77. Re4 Rg6 78. Bh4 Rg7 79. Re8 Rg8 80. Re1+ Rg1 81. Re5 Rg8 82. Re2 Rg2
83. Re7 Rg7 84. Re4 Rg2 85. Bf6 Rg6 86. Re1+ Rg1 87. Re3 Rg6 88. Rb3 Rh6+ 89.
Bh4 Rg6 90. Rb1+ Rg1 91. Rb7 Rg7 92. Rb5 Rg6 93. Rd5 Rg2 94. Rd1+ Rg1 95. Rd4
Rg6 96. Rc4 Rg8 97. Rc1+ Rg1 98. Rc5 Rb1 99. Bf2 Rb3+ 100. Bg3 Rb1 101. Rf5 Rg1
102. Rf3 Rg2 103. Rf1+ Rg1 104. Rf8 Rg2 105. Re8 Rh2+ 106. Kg4 Rd2 107. Kf3
Rd3+ 108. Kf2 Rd2+ 109. Ke1 Rb2 110. Kd1 Kg2 111. Be5 Rf2 112. Bd4 Ra2 113. Ke1
{Game drawn by the 50 move rule} 1/2-1/2

[Event "ICS Rated standard match"]
[Site "207.99.83.229"]
[Date "1999.06.11"]
[Round "?"]
[White "Hossa"]
[Black "Deep-Thawt"]
[Result "1-0"]
[WhiteElo "2298"]
[BlackElo "2417"]
[PlyCount "114"]

1. e4 e6 2. d4 c5 3. d5 exd5 4. exd5 Bd6 5. Nc3 Qe7+ 6. Qe2 Be5 7. Nb5 Na6 8.
d6 Qe6 9. Nf3 Bf6 10. a3 Bd8 11. Bd2 Nf6 12. Ng5 Qxe2+ 13. Bxe2 h6 14. Nf3 Ne4
15. Nc3 Nxd6 16. O-O-O Nf5 17. Bxa6 bxa6 18. Rhe1+ Kf8 19. Bf4 c4 20. Ne5 g5
21. g4 gxf4 22. gxf5 Bh4 23. Ne4 d5 24. Rxd5 c3 25. bxc3 Bxf5 26. Nxf7 Bxe4 27.
Nxh8 Bxd5 28. Ng6+ Kf7 29. Nxh4 Rg8 30. Re5 Rg5 31. Nf5 Be6 32. Nd6+ Ke7 33.
Rxg5 hxg5 34. Ne4 g4 35. Nc5 Bc8 36. Nd3 f3 37. Kb2 Be6 38. Nc5 Bc4 39. a4 Kd6
40. Nb3 Bd5 41. Ka3 Be4 42. Nd4 Kc5 43. Kb3 Bd5+ 44. Kb2 Bc6 45. Nxc6 Kxc6 46.
Kb3 Kd5 47. Kb4 Kc6 48. Ka5 Kb7 49. c4 Kc7 50. Kxa6 Kb8 51. c5 Ka8 52. a5 Kb8
53. c3 Ka8 54. c6 Kb8 55. c4 Kc7 56. Kxa7 Kxc6 57. Kb8 57... Kc5 {
Deep-Thawt resigns} 1-0

[Event "ICS rated blitz match"]
[Site "207.99.83.229"]
[Date "1999.06.11"]
[Round "?"]
[White "SuperChicken"]
[Black "Hossa"]
[Result "1/2-1/2"]
[WhiteElo "2706"]
[BlackElo "2526"]
[PlyCount "72"]

1. e4 c5 2. Nf3 e6 3. d4 cxd4 4. Nxd4 Nf6 5. Nc3 Nc6 6. Nxc6 bxc6 7. e5 Nd5 8.
Ne4 f5 9. exf6 Nxf6 10. Nd6+ Bxd6 11. Qxd6 Qb6 12. Bd3 Ba6 13. O-O Bxd3 14.
cxd3 Rf8 15. b3 Kf7 16. Ba3 Kg8 17. Bc5 Qa6 18. Rfe1 Rf7 19. Qd4 Nd5 20. b4 Qa4
21. Re2 a6 22. Rc1 Rf4 23. Re4 Qxa2 24. Bd6 Rf6 25. Ree1 a5 26. bxa5 Qxa5 27.
Ra1 Qd8 28. Rxa8 Qxa8 29. Rb1 Kf7 30. Rb8 Qa5 31. Rf8+ Kg6 32. Qg4+ Kh6 33.
Qh4+ Kg6 34. Qg4+ Kh6 35. Qh4+ Kg6 36. Qg4+ 36... Kh6 {Game drawn by repetition
} 1/2-1/2

[Event "ICS rated blitz match"]
[Site "207.99.83.229"]
[Date "1999.06.11"]
[Round "?"]
[White "Hossa"]
[Black "SuperChicken"]
[Result "0-1"]
[WhiteElo "2534"]
[BlackElo "2698"]
[PlyCount "133"]

1. e4 e5 2. Nf3 Nc6 3. Bc4 Bc5 4. c3 Qe7 5. O-O d6 6. d4 Bb6 7. d5 Nd8 8. a4 a5
9. Bb5+ c6 10. Qb3 Bc5 11. Bd3 Nf6 12. Bg5 O-O 13. Nbd2 Bg4 14. Rae1 Rc8 15.
Re2 Re8 16. Qa2 h6 17. Be3 cxd5 18. exd5 Bxe3 19. Rxe3 Bd7 20. Ree1 Nh5 21. Bb5
Nf4 22. Ne4 Bxb5 23. axb5 b6 24. Qa3 Nb7 25. Qb3 Nc5 26. Nxc5 Rxc5 27. c4 Qd7
28. Kh1 Qf5 29. Re3 a4 30. Qa2 Qc2 31. Rc3 Qe2 32. Kg1 Nxd5 33. Rcc1 Nb4 34.
Qxa4 Rxc4 35. Rcd1 d5 36. Rfe1 Qxb2 37. Qa7 Re4 38. Qxb6 Qc2 39. Rf1 Rc8 40.
Rd2 Qc7 41. Qxc7 Rxc7 42. Ra1 Rb7 43. Ra8+ Kh7 44. Ra3 Rxb5 45. Re3 Nc2 46.
Red3 Rb1+ 47. Rd1 Rxd1+ 48. Rxd1 d4 49. h4 Kg6 50. Rc1 d3 51. Rd1 Nb4 52. Kh2
Re2 53. Kg3 Kf5 54. Ne1 e4 55. f3 Rxe1 56. Rxe1 e3 57. Kh3 Nc2 58. Rb1 e2 59.
Rb5+ Kf4 60. Rb7 e1=Q 61. Rxf7+ Ke3 62. Re7+ Kf2 63. Rxe1 Nxe1 64. Kg4 Nxg2 65.
f4 d2 66. Kf5 d1=Q 67. Kg6 {Hossa resigns} 0-1

[Event "ICS rated blitz match"]
[Site "207.99.83.229"]
[Date "1999.06.11"]
[Round "?"]
[White "Etan"]
[Black "Hossa"]
[Result "0-1"]
[WhiteElo "2215"]
[BlackElo "2525"]
[PlyCount "70"]

1. d3 e5 2. e4 Nc6 3. Nf3 Nf6 4. g3 Bb4+ 5. c3 Be7 6. Bg2 d5 7. Nbd2 dxe4 8.
dxe4 Qd3 9. Qe2 Qxe2+ 10. Kxe2 b6 11. Rd1 Ba6+ 12. Ke1 Rd8 13. h3 Bd3 14. Bf1
Bxf1 15. Kxf1 Nxe4 16. Ke2 Nxd2 17. Rxd2 O-O 18. Rxd8 Rxd8 19. Be3 f5 20. Re1
e4 21. Ng5 Rd6 22. h4 Ne5 23. Rb1 Bxg5 24. Bxg5 Nf3 25. Bf4 Rd7 26. Ra1 h5 27.
a4 c5 28. a5 Kh7 29. Ra3 Ng1+ 30. Kf1 Rd1+ 31. Kg2 Nf3 32. axb6 Rg1+ 33. Kh3
axb6 34. Rb3 Ne1 35. Rxb6 35... Rh1# {Etan checkmated} 0-1

[Event "ICS Rated blitz match"]
[Site "207.99.83.229"]
[Date "1999.06.11"]
[Round "?"]
[White "RoboMagneto"]
[Black "Hossa"]
[Result "1-0"]
[WhiteElo "2620"]
[BlackElo "2530"]
[PlyCount "100"]

1. e4 e5 2. Nf3 Nc6 3. Bc4 Bc5 4. c3 Qe7 5. O-O d6 6. d4 Bb6 7. h3 exd4 8. cxd4
Nf6 9. Bg5 h6 10. Bxf6 Qxf6 11. Bb5 O-O 12. Bxc6 bxc6 13. Qd3 Rb8 14. Nc3 Ba5
15. b3 Rb6 16. Rfc1 Qg6 17. Nd2 Ba6 18. Qe3 Qg5 19. f4 Qh5 20. Na4 Rbb8 21.
Rxc6 Bb5 22. Rc2 Bxa4 23. bxa4 Rb4 24. Rc4 Rb2 25. Qf3 Qxf3 26. Nxf3 Rfb8 27.
Kf1 R8b4 28. Rxb4 Rxb4 29. Rc1 Rxa4 30. Rc2 c5 31. dxc5 dxc5 32. g3 Bb6 33. Nd2
Kh7 34. Nc4 Kg6 35. a3 Kh5 36. Ke2 g6 37. Kd3 Ra6 38. e5 Bc7 39. Rb2 Rc6 40.
Rb7 g5 41. Ke4 Bb6 42. Rxf7 gxf4 43. gxf4 Rg6 44. f5 Rg2 45. e6 Re2+ 46. Kf3
Re1 47. e7 Rxe7 48. Rxe7 Kg5 49. Nxb6 axb6 50. Ke4 50... c4 {Hossa resigns} 1-0

[Event "ICS rated blitz match"]
[Site "207.99.83.229"]
[Date "1999.06.11"]
[Round "?"]
[White "Hossa"]
[Black "Amateur"]
[Result "1/2-1/2"]
[WhiteElo "2518"]
[BlackElo "2447"]
[PlyCount "205"]

1. e4 c5 2. Nf3 Nc6 3. d4 cxd4 4. Nxd4 Qb6 5. Nf3 Nf6 6. Bd3 e6 7. O-O Bc5 8.
Nc3 Ng4 9. Qd2 Nd4 10. Qf4 Nxf3+ 11. Qxf3 Ne5 12. Qg3 Nxd3 13. cxd3 Bd4 14. Be3
Bxe3 15. fxe3 O-O 16. b3 d6 17. Rac1 Bd7 18. e5 dxe5 19. Qxe5 Rac8 20. d4 Qb4
21. Ne4 Bb5 22. Rxc8 Rxc8 23. Ra1 Ba6 24. Nc5 Qc3 25. Rd1 Be2 26. Na4 Qc2 27.
Ra1 Qd2 28. h3 Bd3 29. Nc5 Qc3 30. Rd1 Be2 31. Na4 Qc2 32. Ra1 Qd2 33. Qg3 Bb5
34. Kh1 Bc6 35. h4 Qc2 36. Nc5 h6 37. b4 Qb2 38. Nb3 Bd5 39. Rf1 Rc2 40. Rg1
Qxa2 41. Nc5 b6 42. Nd7 Kh7 43. Nf8+ Kh8 44. Nd7 Qa6 45. Qb8+ Rc8 46. Qf4 f5
47. Ne5 Rc2 48. Ng6+ Kh7 49. Ne7 Qb7 50. Nxd5 Qxd5 51. Qg3 Qb7 52. Rb1 b5 53.
Kg1 Qe7 54. Qe1 Qd6 55. Kh1 Qd5 56. Qg3 Qa2 57. Rg1 Rc4 58. h5 Rc8 59. Qg6+ Kh8
60. Rf1 Qe2 61. Rf3 Qc4 62. Kh2 Qc7+ 63. Kh3 Qe7 64. g4 fxg4+ 65. Kxg4 Kg8 66.
Rf4 Rc1 67. Kh3 Rh1+ 68. Kg2 Rc1 69. Re4 Rc2+ 70. Kh3 Rc6 71. Re5 Rb6 72. d5
Qxb4 73. Rxe6 Qf8 74. Rxb6 axb6 75. Kg4 Qf7 76. Qc6 Qe7 77. Qc8+ Kf7 78. Qf5+
Qf6 79. Qd7+ Kf8 80. Qc8+ Ke7 81. Qb7+ Kd6 82. Qxb6+ Kxd5 83. Qxb5+ Ke4 84.
Qe8+ Qe5 85. Qxe5+ Kxe5 86. Kg3 Ke4 87. Kf2 Kf5 88. Kf3 Kg5 89. Ke4 Kxh5 90.
Kf5 g6+ 91. Kf6 g5 92. e4 g4 93. e5 g3 94. e6 g2 95. e7 g1=Q 96. e8=Q+ Kh4 97.
Qe4+ Kh3 98. Qf3+ Kh4 99. Qe4+ Qg4 100. Qe1+ Qg3 101. Qxg3+ Kxg3 102. Kg6 Kf2
103. Kxh6 {Game drawn because neither player has mating material} 1/2-1/2